000 00728nam a22002537a 4500
001 BR7303416
003 BR-BrBNA
005 20230928083953.0
007 ta
008 230509b bl.||||| |||| 00| 0 por d
040 _aBR-BrBNA
_bpor
_cBiblioteca Nacional de Agricultura
041 _a(Por)
072 _aE70
_b2110
_b/G514
090 _ 2110 BR7303416
100 1 _aTosta Filho, I.
110 1 _aBanco do Brasil S.A., Rio de Janeiro, GB. Carteira de Comercio Exterior
_91107
245 1 _aComercializacao do cacau e produtos derivados [Brasil]
260 3 _aRio de Janeiro, GB (Brasil):
_c1960.
300 _a172 p.
500 _a6 graphs
650 _aCacau
909 _a202309
_bLucia
_c55
_dLucia Elande
942 _cBK
999 _c16075
_d16075